000 00869cab a2200289 4500
001 ABS57708
008 090401t1997 xxu||||| |||| 00| 0 eng d
035 _a(Sirsi) u81231
041 _aeng
100 _aStansall, P.
245 4 _aThe quest for space
260 _c1997
350 _a0
490 _aArchitects` Journal
_v206(10) 18 September 1997, 45-47(3)
520 _aConsiders options for releasing more space in existing offices, particularly those built in the 1950s and 1960s. Examples.
650 _a1950S BUILDINGS
650 _a1960S BUILDINGS
650 _aFLOOR AREAS
650 _aOFFICE BUILDINGS
650 _aOFFICE SPACE
650 _aBUILT ENVIRONMENT-BUILDING MAINTENANCE AND REFURBISHMENT
650 _aSPACE PLANNING
650 _aSPACE UTILISATION
690 _aRefurbishment
_96264
942 _n0
948 _c03/10/1997
999 _c51196
_d51196